00818nam a2200241 a 450000100060000000300080000600500170001400800410003103500190007204000320009104100080012308200260013111000680015724500120022524600550023726000260029230000210031850400400033965000300037994200120040999900170042195201380043847141BD-RjUL20211209054250.0160807s1971 fr bs 000 0 eng  a(BD-RjUL)47260 aDLCcDLCdDLCdBD-RjULbeng aeng 223a370.952bJAP 19712 aOrganisation for Economic Co-operation and Development.914355000aJapan /3 aReviews of national policies for education : Japan aParis :cOECD,b1971. a162 p. :c24 cm. aIncludes bibliographical references 0aEducationzJapan.9143549 2ddccBK c47141d47141 00102ddc40708NFICaRUCLbRUCLcStackd1979-04-26eJapan Foundationl0o370.952 JAP 1971r2016-08-07 00:00:00tC-2w2016-08-07yBK